000 01328cam a2200265 i 4500
001 2264337
005 20210414113856.0
008 780619s1979 enk b 001 0 eng
020 _a0521294452
040 _aDLC
_cDLC
_dDLC
050 0 0 _aHB71.W397
100 1 _aWeintraub, E. Roy.
245 1 0 _aMicrofoundations: the compatibility of microeconomics and macroeconomics /
_cE. Roy Weintraub.
260 _aCambridge :
_bCambridge University Press,
_c1979.
300 _aviii, 175 p. ;
_c22 cm.
490 0 _aCambridge surveys of economic literature
500 _aIncludes bibliograhical references and index.
505 _aContents: Introduction: Points of entry -- Development of the neo-Walrasian program 1930-60 -- The 4,827th reexamination of Keyne's system -- The neo-Walrasian synthesis -- General systematic coordination -- Introduction: Walrasian equilibrium models -- Walrasian disequilibrium theory -- Edgeworthian equilibrium -- Edgeworth disequilibrium analysis -- A Brief conclusion.
650 0 _aMicroeconomics.
650 0 _xMathematical models.
856 4 2 _3Publisher description
_uhttp://www.loc.gov/catdir/description/cam032/78016551.html
856 4 1 _3Table of contents
_uhttp://www.loc.gov/catdir/toc/cam031/78016551.html
906 _a7
_bcbc
_corignew
_d1
_eocip
_f19
_gy-gencatlg
942 _2lcc
_cBK
999 _c242
_d7742